000 00284nam a2200121Ia 4500
008 190216s9999||||xx |||||||||||||| ||und||
100 _aArchbod J W
245 0 _aAlgebra
260 _bThe English Language Book Society
_c1977
300 _a554p
650 _aMathematics
942 _cBK
999 _c30615
_d30615